Chinnamasta evam tripurbharvi tantarik sadhnaya (Record no. 7257)
[ view plain ]
| 000 -LEADER | |
|---|---|
| fixed length control field | 00537cam a2200205ua 4500 |
| 001 - CONTROL NUMBER | |
| control field | 8147 |
| 005 - DATE AND TIME OF LATEST TRANSACTION | |
| control field | 20260515114311.0 |
| 008 - FIXED-LENGTH DATA ELEMENTS--GENERAL INFORMATION | |
| fixed length control field | 150109n ii |||gr||||Z||||||hin |
| 020 ## - INTERNATIONAL STANDARD BOOK NUMBER | |
| International Standard Book Number | 8128806734 |
| 040 ## - CATALOGING SOURCE | |
| Transcribing agency | MAIN |
| 041 ## - LANGUAGE CODE | |
| Language code of text/sound track or separate title | hin |
| 082 ## - DEWEY DECIMAL CLASSIFICATION NUMBER | |
| Classification number | 133.5 |
| 100 ## - MAIN ENTRY--PERSONAL NAME | |
| Personal name | Shrimali, R., |
| Relator term | Author. |
| 245 1# - TITLE STATEMENT | |
| Title | Chinnamasta evam tripurbharvi tantarik sadhnaya |
| Statement of responsibility, etc. | By Radhakrishna Shrimali |
| 250 ## - EDITION STATEMENT | |
| Edition statement | 1st. |
| 260 ## - PUBLICATION, DISTRIBUTION, ETC. | |
| Place of publication, distribution, etc. | New Delhi: |
| Name of publisher, distributor, etc. | Diamond, |
| Date of publication, distribution, etc. | 2004. |
| 300 ## - PHYSICAL DESCRIPTION | |
| Extent | 156p. |
| 653 ## - INDEX TERM--UNCONTROLLED | |
| Uncontrolled term | Specific topics in parapsychology & occultism |
| 942 ## - ADDED ENTRY ELEMENTS (KOHA) | |
| Koha item type | Books |
| Withdrawn status | Lost status | Damaged status | Not for loan | Home library | Current library | Shelving location | Date acquired | Total checkouts | Full call number | Barcode | Date last seen | Copy number | Price effective from | Koha item type |
|---|---|---|---|---|---|---|---|---|---|---|---|---|---|---|
| Naharkatiya College Library | Naharkatiya College Library | General stacks | 09/19/2020 | 133.5 | SHR | 19648 | 09/19/2020 | 1 | 09/19/2020 | Books |